Statistics for What do they train?

Click here to take the quiz!

General Stats

  • This quiz has been taken 20 times
  • The average score is 4 of 8

Answer Stats

HintAnswer% Correct
James Rodriguezfootball
100%
Kamil Stochski jumping
76%
Laura Dahlmeierbiathlon
59%
Justyna KowalczykCross country skiing
53%
Mo Farahrunning
47%
Vincenzo Nibalicycling
35%
Jimmie Ericssonice hockey
12%
Trine Hattestadjavelin throw
6%

Score Distribution

Percentile by Number Answered

Percent of People with Each Score

Your Score History

You have not taken this quiz